000
00314nam a2200133Ia 4500
008
190216s9999||||xx |||||||||||||| ||und||
100
_a
Rajput
245
0
_a
Advanced Quantum Mechanics
250
_a
5th Ed.
260
_b
Pragathi Prakashan
_c
2001
300
_a
896
650
_a
Chemistry-Chemistry
942
_c
BK
999
_c
2953
_d
2953